| 000 | 00450nam a22001337a 4500 | ||
|---|---|---|---|
| 008 | 230316b |||||||| |||| 00| 0 eng d | ||
| 020 | _a 0719010233. | ||
| 050 | _aGN657.T5 V3 1964 | ||
| 100 |
_aVelsen.Van J. _952235 |
||
| 245 |
_aThe politics of kinship, _ba study in social manipulation among the lakeside Tonga _cJ.Van Velsen |
||
| 260 |
_aNew York: _bManchester University Press, _c1964. |
||
| 300 |
_axvi, _b338p; _c22cm. |
||
| 942 |
_2lcc _cMONOGRAPH |
||
| 999 |
_c131679 _d131679 |
||